| 000 | 00458nam a22001577a 4500 | ||
|---|---|---|---|
| 003 | OSt | ||
| 005 | 20241204164749.0 | ||
| 008 | 241204b |||||||| |||| 00| 0 eng d | ||
| 020 | _a9789355327208 | ||
| 040 | _cIIMT UNIVERSITY MEERUT | ||
| 100 | _aSINGH RAMESH | ||
| 245 | _aINDIAN ECONOMY FOR CIVIL SERVICES & OTHER COMPETITIVE EXAMINATION | ||
| 260 |
_aMC.GRAW HILL DELHI _bMC.GRAW HILL DELHI _cMC.GRAW HILL DELHI |
||
| 300 | _a498 | ||
| 942 |
_2ddc _c01 _e16TH |
||
| 999 |
_c64731 _d64731 |
||